[Event "DEM U10 2016"]
[Site "Willingen GER"]
[Date "2016.05.15"]
[Round "2"]
[White "Wagner, Leopold Franziskus"]
[Black "Farokhi, Keyvan"]
[Result "1-0"]
[Termination "normal"]
[Board "1"]
[WhiteElo "1844"]
[BlackElo "1585"]
[WhiteClock "00:35:12"]
[BlackClock "00:05:58"]
[PlyCount "105"]
[WhiteFideId "1641581"]
[BlackFideId "12998630"]
[EventCountry "GER"]
[EventRounds "11"]
[EventType "swiss"]
[EventDate "2016.05.14"]

1. e4 e5 2. Nf3 Nc6 3. Bb5 a6 4. Bxc6 dxc6 5. O-O Qf6 6. d3 Bg4 7. Nbd2 Bc5 8.
Rb1 Ne7 9. b4 Bd4 10. h3 h5 11. Bb2 Bxb2 12. Rxb2 O-O-O 13. hxg4 hxg4 14. Nh2
Rxh2 15. Qxg4+ Kb8 16. Kxh2 Qh6+ 17. Kg1 Qxd2 18. Rd1 Qh6 19. Qh3 Qxh3 20. gxh3
Rh8 21. Kg2 Ng6 22. Kg3 Nf4 23. Rh1 Ng6 24. Rbb1 Kc8 25. h4 Kd7 26. Rbd1 Ke6
27. Kg4 Rd8 28. Rdg1 Nf4 29. Kf3 Rh8 30. Rg4 g6 31. Rxf4 exf4 32. Kxf4 f6 33.
d4 g5+ 34. Kg4 gxh4 35. Rxh4 Rg8+ 36. Kf3 Rg7 37. a3 Rd7 38. Ke3 Rf7 39. Rh6
Kd7 40. Rh3 Rf8 41. Kf4 Ke6 42. Rh6 Rd8 43. c3 Rf8 44. e5 Rf7 45. Rxf6+ Rxf6+
46. exf6 Kxf6 47. Ke4 Ke6 48. f4 Kf6 49. f5 b6 50. Kf4 b5 51. Ke4 Ke7 52. Ke5
Kf7 53. f6 1-0

[Event "DEM U10 2016"]
[Site "Willingen GER"]
[Date "2016.05.15"]
[Round "2"]
[White "Gluma, Christian"]
[Black "Hommer, Jeremy"]
[Result "1-0"]
[Termination "normal"]
[Board "2"]
[WhiteElo "1468"]
[BlackElo "1741"]
[WhiteClock "00:19:31"]
[BlackClock "00:02:15"]
[PlyCount "63"]
[WhiteFideId "16223209"]
[BlackFideId "12992577"]
[EventCountry "GER"]
[EventRounds "11"]
[EventType "swiss"]
[EventDate "2016.05.14"]

1. e4 c6 2. d4 d5 3. exd5 cxd5 4. c4 Nf6 5. Nc3 e6 6. Bf4 Bb4 7. Qa4+ Nc6 8.
Nge2 O-O 9. Qd1 dxc4 10. Be3 Ng4 11. a3 Nxe3 12. fxe3 Bd6 13. Qc2 b6 14. O-O-O
a5 15. Nb5 Ba6 16. Nec3 Rc8 17. d5 Ne5 18. dxe6 Bxb5 19. Nxb5 Nd3+ 20. Kb1 fxe6
21. Bxd3 cxd3 22. Qxd3 Bb8 23. Qe4 Qe7 24. h4 Rf5 25. Nd4 Rf6 26. g4 e5 27. g5
Rff8 28. Rhg1 Qe8 29. Nf5 Qe6 30. Rdf1 Rc4 31. Qd3 e4 32. Nh6+ 1-0

[Event "DEM U10 2016"]
[Site "Willingen GER"]
[Date "2016.05.15"]
[Round "2"]
[White "Fuchs, Florian"]
[Black "Bungarten, Jona"]
[Result "1-0"]
[Termination "normal"]
[Board "3"]
[WhiteElo "1724"]
[BlackElo "1466"]
[WhiteClock "01:14:34"]
[BlackClock "01:01:47"]
[PlyCount "99"]
[WhiteFideId "16213351"]
[BlackFideId "16223608"]
[EventCountry "GER"]
[EventRounds "11"]
[EventType "swiss"]
[EventDate "2016.05.14"]

1. e4 e5 2. Nf3 Nc6 3. Bb5 Nge7 4. O-O g6 5. c3 Bg7 6. d4 exd4 7. cxd4 O-O 8.
Nc3 a6 9. Bc4 b5 10. Bb3 Na5 11. a4 Nxb3 12. Qxb3 bxa4 13. Nxa4 d6 14. Bf4 Bg4
15. Rfd1 Rb8 16. Qd3 Qd7 17. h3 Bxf3 18. Qxf3 Nc6 19. Be3 Nb4 20. Nc3 Nc2 21.
Rxa6 Nxe3 22. Qxe3 Rxb2 23. Ra7 Qc6 24. Nd5 Qc2 25. Rc1 Bxd4 26. Rxc2 Bxe3 27.
Nxe3 Rxc2 28. Nxc2 Re8 29. f3 c5 30. Rd7 Re6 31. Ne3 Kf8 32. Nc4 Ke8 33. Rxd6
Rxd6 34. Nxd6+ Ke7 35. Nc4 Kd7 36. Kf2 Kc6 37. Ke3 Kb5 38. Ne5 f6 39. Nd7 Kb4
40. Nxf6 Kb3 41. Nd5 Kc4 42. g4 g5 43. f4 h6 44. f5 Kb3 45. f6 c4 46. f7 c3 47.
f8=Q c2 48. Qb4+ Ka2 49. Nc3+ Ka1 50. Qa3# 1-0

[Event "DEM U10 2016"]
[Site "Willingen GER"]
[Date "2016.05.15"]
[Round "2"]
[White "Hagenbeck-Hübert, Ben"]
[Black "Bui, Bao Anh Le"]
[Result "0-1"]
[Termination "normal"]
[Board "4"]
[WhiteElo "1428"]
[BlackElo "1659"]
[WhiteClock "00:18:57"]
[BlackClock "00:01:57"]
[PlyCount "102"]
[WhiteFideId "16230779"]
[BlackFideId "12970719"]
[EventCountry "GER"]
[EventRounds "11"]
[EventType "swiss"]
[EventDate "2016.05.14"]

1. e4 c5 2. c4 Nc6 3. Nc3 g6 4. g3 Bg7 5. Bg2 d6 6. Nge2 e6 7. d3 Nge7 8. Be3
Nd4 9. Bxd4 cxd4 10. Nb5 Nc6 11. O-O a6 12. Na3 O-O 13. f4 Qb6 14. Rb1 Rd8 15.
Rf2 Nb4 16. Qb3 a5 17. Nc2 Qc5 18. Nxb4 axb4 19. Ra1 Bd7 20. Qd1 Ra5 21. Nc1
Ba4 22. Nb3 Qa7 23. Rf1 Ra8 24. Rb1 Qb6 25. Qf3 R5a7 26. f5 exf5 27. exf5 Bc6
28. Qf2 Bxg2 29. Kxg2 Rxa2 30. f6 Bh6 31. Nxd4 Re8 32. Nb5 Qc6+ 33. Qf3 Re2+
34. Rf2 Qxf3+ 35. Kxf3 Re3+ 36. Kg4 Rxd3 37. Re2 Ra8 38. Re7 d5 39. cxd5 Rxd5
40. Rxb7 Rg5+ 41. Kh3 Rf5 42. Nc7 Rc8 43. Rxb4 Rxc7 44. Rb8+ Bf8 45. Rd1 Rxf6
46. Rdd8 Rf2 47. Rxf8+ Kg7 48. Rg8+ Kh6 49. b4 Rcc2 50. b5 Kg5 51. g4 Rf3# 0-1

[Event "DEM U10 2016"]
[Site "Willingen GER"]
[Date "2016.05.15"]
[Round "2"]
[White "Laux, Dominik"]
[Black "Toval, David"]
[Result "0-1"]
[Termination "normal"]
[Board "5"]
[WhiteElo "1529"]
[BlackElo "1516"]
[WhiteClock "00:39:29"]
[BlackClock "00:45:06"]
[PlyCount "78"]
[WhiteFideId "12994219"]
[BlackFideId "12992755"]
[EventCountry "GER"]
[EventRounds "11"]
[EventType "swiss"]
[EventDate "2016.05.14"]

1. d4 Nf6 2. Nc3 e6 3. Bf4 Bb4 4. e3 Nd5 5. Nge2 b6 6. a3 Bxc3+ 7. bxc3 Ba6 8.
Qd2 Bxe2 9. Bxe2 Nxf4 10. exf4 O-O 11. O-O Qe7 12. Rfe1 d5 13. Bf3 Qd6 14. c4
c6 15. cxd5 exd5 16. g3 Nd7 17. Qb4 c5 18. Qd2 c4 19. Qb4 Qc6 20. a4 a5 21. Qb5
Qxb5 22. axb5 Nf6 23. Re5 Rfe8 24. g4 Rxe5 25. fxe5 Ne4 26. Bxe4 dxe4 27. Kf1
Rd8 28. Ke2 Rxd4 29. Rd1 Rxd1 30. Kxd1 c3 31. Kc1 Kf8 32. Kb1 Ke7 33. Ka2 Ke6
34. Kb3 Kxe5 35. Kxc3 Kd5 36. Kb3 Kc5 37. c4 g5 38. h3 h6 39. Kc3 a4 0-1

[Event "DEM U10 2016"]
[Site "Willingen GER"]
[Date "2016.05.15"]
[Round "2"]
[White "Kodalle, Dominik"]
[Black "Lutz, Adam"]
[Result "0-1"]
[Termination "normal"]
[Board "6"]
[WhiteElo "1399"]
[BlackElo "1601"]
[WhiteClock "00:22:53"]
[BlackClock "00:46:27"]
[PlyCount "118"]
[WhiteFideId "16208722"]
[BlackFideId "16226615"]
[EventCountry "GER"]
[EventRounds "11"]
[EventType "swiss"]
[EventDate "2016.05.14"]

1. c4 e6 2. Nc3 Nf6 3. d4 d5 4. e3 c5 5. Nf3 a6 6. a4 Nc6 7. b3 Be7 8. Be2 O-O
9. O-O h6 10. Ba3 cxd4 11. Bxe7 Qxe7 12. exd4 Rd8 13. c5 e5 14. dxe5 Nxe5 15.
Nxe5 Qxe5 16. Rc1 d4 17. Nb1 Bf5 18. Re1 Qc7 19. Bf3 Bxb1 20. Rxb1 d3 21. Re3
Qd7 22. Rc1 Rac8 23. Rc3 d2 24. Rc2 Qf5 25. Rxd2 Rxd2 26. Qxd2 Qxc5 27. h3 Rc7
28. Be4 Rd7 29. Qe1 Nxe4 30. Rxe4 Qc2 31. Re8+ Kh7 32. Qe4+ Qxe4 33. Rxe4 Kg6
34. Rb4 Kf5 35. Kf1 Re7 36. f3 Ke5 37. Re4+ Kd6 38. Rxe7 Kxe7 39. Ke2 Ke6 40.
Ke3 Ke5 41. f4+ Kd5 42. Kd3 a5 43. Ke3 Kc5 44. Kd3 Kb4 45. Kc2 Kc5 46. Kc3 Kd5
47. Kd3 g5 48. f5 h5 49. g4 hxg4 50. hxg4 f6 51. Ke3 Ke5 52. Kf3 Kd4 53. Ke2
Ke4 54. Kf2 Kf4 55. Kg2 Kxg4 56. Kf2 Kxf5 57. Kf3 g4+ 58. Kg3 b6 59. Kf2 Kf4
0-1

[Event "DEM U10 2016"]
[Site "Willingen GER"]
[Date "2016.05.15"]
[Round "2"]
[White "Rössel, Gino"]
[Black "Werner, Denis"]
[Result "1-0"]
[Termination "normal"]
[Board "7"]
[WhiteElo "1682"]
[BlackElo "1397"]
[WhiteClock "00:33:59"]
[BlackClock "01:10:10"]
[PlyCount "85"]
[WhiteFideId "16203070"]
[BlackFideId "16226429"]
[EventCountry "GER"]
[EventRounds "11"]
[EventType "swiss"]
[EventDate "2016.05.14"]

1. e4 c6 2. d4 d5 3. Nc3 dxe4 4. Nxe4 Nf6 5. Nxf6+ exf6 6. Nf3 Bd6 7. Bd3 O-O
8. O-O Nd7 9. c3 Nb6 10. Qc2 h6 11. Be4 Re8 12. Re1 Bg4 13. Bd2 Nc4 14. h3 Be6
15. Bd3 Nxd2 16. Qxd2 Qc7 17. c4 Rad8 18. Re4 Bd7 19. Rae1 Rxe4 20. Bxe4 a5 21.
c5 Bf8 22. a3 Be6 23. Qc2 Bd5 24. b4 axb4 25. axb4 b6 26. Re3 bxc5 27. bxc5 Qa5
28. g4 Qa1+ 29. Kg2 g6 30. Qd3 Bxe4 31. Qxe4 Rd5 32. Qe8 Kg7 33. Qxc6 Qa2 34.
Re8 Qc4 35. Qc8 Rxd4 36. Rxf8 Rxg4+ 37. hxg4 Qxg4+ 38. Qxg4 Kxf8 39. c6 f5 40.
Qd4 Ke7 41. c7 g5 42. Qd8+ Ke6 43. c8=Q# 1-0

[Event "DEM U10 2016"]
[Site "Willingen GER"]
[Date "2016.05.15"]
[Round "2"]
[White "Nitsche, Nikolai"]
[Black "Prieb, Robert"]
[Result "0-1"]
[Termination "normal"]
[Board "8"]
[WhiteElo "1371"]
[BlackElo "1505"]
[WhiteClock "00:48:33"]
[BlackClock "00:09:12"]
[PlyCount "116"]
[WhiteFideId "16221036"]
[BlackFideId "16212002"]
[EventCountry "GER"]
[EventRounds "11"]
[EventType "swiss"]
[EventDate "2016.05.14"]

1. d4 Nf6 2. Bf4 g6 3. Nf3 Bg7 4. e3 d5 5. Bd3 O-O 6. O-O c5 7. c3 Nc6 8. Nbd2
Nh5 9. Bg5 Qb6 10. Qb3 Qxb3 11. axb3 f6 12. Bh4 e5 13. dxe5 fxe5 14. Be2 Nf6
15. Rfd1 h6 16. Bg3 Nh5 17. Ne1 Nxg3 18. hxg3 d4 19. Bc4+ Kh7 20. cxd4 exd4 21.
Nd3 dxe3 22. fxe3 Nb4 23. Nxb4 cxb4 24. Rab1 Bf5 25. e4 Bg4 26. Re1 Bd4+ 27.
Kh2 Rf2 28. Nf1 Bf3 29. Ne3 Bxe4 30. Rbd1 Bxe3 31. Rd7+ Kh8 32. Rxe3 Rxg2+ 33.
Kh3 Bf5+ 34. Kxg2 Bxd7 35. Bd5 Bc6 36. Bxc6 bxc6 37. Re6 Rd8 38. Rxg6 Rd2+ 39.
Kh3 Rxb2 40. Rxh6+ Kg8 41. Rxc6 Rxb3 42. Ra6 Ra3 43. Rc6 a5 44. Kh4 a4 45. g4
b3 46. Rb6 Ra2 47. g5 Rg2 48. Rb4 b2 49. Kh5 a3 50. g6 a2 51. Kh6 Rh2+ 52. Kg5
b1=Q 53. Rxb1 axb1=Q 54. Kf6 Qb5 55. g7 Rh6+ 56. Ke7 Qb7+ 57. Ke8 Qc8+ 58. Ke7
Re6# 0-1

[Event "DEM U10 2016"]
[Site "Willingen GER"]
[Date "2016.05.15"]
[Round "2"]
[White "Felten, Maximilian"]
[Black "Metzdorf, Matteo"]
[Result "1-0"]
[Termination "normal"]
[Board "9"]
[WhiteElo "1369"]
[BlackElo "1211"]
[PlyCount "121"]
[WhiteFideId "4004949"]
[BlackFideId "16209869"]
[EventCountry "GER"]
[EventRounds "11"]
[EventType "swiss"]
[EventDate "2016.05.14"]

1. e4 c5 2. Nc3 a6 3. d3 b5 4. g3 Bb7 5. Bg2 e6 6. Nge2 d5 7. exd5 exd5 8. Nf4
Nf6 9. O-O Be7 10. Re1 O-O 11. Ncxd5 Nxd5 12. Nxd5 Bxd5 13. Bxd5 Qxd5 14. Rxe7
Nc6 15. Re3 Rad8 16. Qf3 Qd7 17. Bd2 Nd4 18. Qd1 Qd5 19. Bc3 Ne6 20. Qg4 Nd4
21. Bxd4 cxd4 22. Ree1 Rc8 23. Qe2 h6 24. Qd1 Rc6 25. f4 f6 26. Re7 Qc5 27. Re2
Rfc8 28. Rc1 Qb4 29. Rb1 Qa4 30. Qe1 Rxc2 31. Re8+ Rxe8 32. Qxe8+ Kh7 33. f5
Qxa2 34. Re1 Rg2+ 35. Kxg2 Qd5+ 36. Qe4 Qb3 37. Qg4 Qf7 38. Qg6+ Qxg6 39. fxg6+
Kxg6 40. Re4 Kf5 41. g4+ Kg6 42. Rxd4 Kf7 43. Rd6 a5 44. Ra6 a4 45. Ra5 b4 46.
Rxa4 b3 47. Rb4 Ke6 48. Rxb3 Ke5 49. Rb4 Kd5 50. Rc4 g6 51. b4 f5 52. gxf5 gxf5
53. b5 f4 54. b6 f3+ 55. Kxf3 h5 56. b7 h4 57. b8=Q h3 58. Qb5+ Kd6 59. Rc6+
Kd7 60. Qb7+ Kd8 61. Rc8# 1-0

[Event "DEM U10 2016"]
[Site "Willingen GER"]
[Date "2016.05.15"]
[Round "2"]
[White "Tham, Nam"]
[Black "Huo, Da"]
[Result "1-0"]
[Termination "normal"]
[Board "10"]
[WhiteElo "1575"]
[BlackElo "1703"]
[PlyCount "147"]
[WhiteFideId "12997331"]
[BlackFideId "16221206"]
[EventCountry "GER"]
[EventRounds "11"]
[EventType "swiss"]
[EventDate "2016.05.14"]

1. e4 c5 2. d4 cxd4 3. c3 dxc3 4. Nxc3 Nc6 5. Nf3 g6 6. Bc4 Bg7 7. O-O e6 8.
Qe2 Nge7 9. Rd1 a6 10. Bf4 O-O 11. Ng5 b5 12. Bb3 Nd4 13. Qe3 Nxb3 14. axb3 Nc6
15. Bd6 Re8 16. f4 h6 17. Nf3 Bb7 18. e5 Ne7 19. Nd4 Nc6 20. Nde2 Ne7 21. Ng3
Nd5 22. Nxd5 Bxd5 23. Ne4 Bxe4 24. Qxe4 Qb6+ 25. Kh1 Qf2 26. Ba3 a5 27. h3 Rac8
28. Bd6 Qxb2 29. Rdb1 Qc3 30. Qb7 Qc6 31. Qxc6 dxc6 32. Rxa5 Ra8 33. Rba1 Rxa5
34. Rxa5 Bf8 35. Ra6 Rc8 36. Rb6 Bxd6 37. exd6 Kf8 38. d7 Rd8 39. Rxc6 Rxd7 40.
Rb6 Rd5 41. Rb7 Kg7 42. g3 h5 43. Kg2 Kf6 44. h4 e5 45. fxe5+ Rxe5 46. Kf3 Rc5
47. b4 Re5 48. Kf4 Rf5+ 49. Ke4 Kg7 50. Rb6 Kf8 51. Rb7 Ke8 52. Rc7 Kd8 53. Rc3
Kd7 54. Rd3+ Ke6 55. Ra3 Re5+ 56. Kf4 Kf6 57. Rc3 Re1 58. Rc6+ Kg7 59. Rc5 Rf1+
60. Ke3 Rf5 61. Rxf5 gxf5 62. Kd4 Kf6 63. Kc5 f4 64. gxf4 Kf5 65. Kxb5 Kxf4 66.
Kc5 Kg4 67. b5 Kxh4 68. b6 Kh3 69. b7 h4 70. b8=Q f5 71. Qf4 Kg2 72. Qxh4 Kf3
73. Qh3+ Ke4 74. Qf1 1-0

[Event "DEM U10 2016"]
[Site "Willingen GER"]
[Date "2016.05.15"]
[Round "2"]
[White "Strehse, Nelson"]
[Black "Eilenberg, Jonas"]
[Result "1/2-1/2"]
[Termination "normal"]
[Board "11"]
[WhiteElo "1354"]
[BlackElo "1494"]
[PlyCount "56"]
[WhiteFideId "16228898"]
[BlackFideId "16204271"]
[EventCountry "GER"]
[EventRounds "11"]
[EventType "swiss"]
[EventDate "2016.05.14"]

1. e4 e5 2. Nf3 Nc6 3. d4 exd4 4. Nxd4 Nf6 5. Nc3 Bb4 6. Nxc6 bxc6 7. Bd3 h6 8.
Bd2 O-O 9. O-O d6 10. h3 Bb7 11. Re1 Re8 12. a3 Ba5 13. b4 Bb6 14. Be3 a6 15.
Rb1 d5 16. exd5 cxd5 17. Bxb6 cxb6 18. Rxe8+ Qxe8 19. Qe1 Qd7 20. Qd2 b5 21.
Re1 Re8 22. Rxe8+ Qxe8 23. Qe2 Qxe2 24. Nxe2 Kf8 25. Kh2 Ke7 26. Kg3 Nd7 27.
Kf4 g5+ 28. Ke3 d4+ 1/2-1/2

[Event "DEM U10 2016"]
[Site "Willingen GER"]
[Date "2016.05.15"]
[Round "2"]
[White "Grunert, Wilhelm"]
[Black "Schwartz, Oliver"]
[Result "1-0"]
[Termination "normal"]
[Board "12"]
[WhiteElo "1374"]
[BlackElo "1440"]
[PlyCount "133"]
[WhiteFideId "12995673"]
[BlackFideId "16207459"]
[EventCountry "GER"]
[EventRounds "11"]
[EventType "swiss"]
[EventDate "2016.05.14"]

1. e4 c5 2. Nf3 Nc6 3. d4 cxd4 4. Nxd4 g6 5. Nc3 Bg7 6. Be3 d6 7. Qd2 Nf6 8. f3
Bd7 9. O-O-O O-O 10. Bh6 Qb6 11. Nxc6 bxc6 12. Bc4 Rfb8 13. Bb3 a5 14. a4 c5
15. Bxg7 Kxg7 16. Qd3 Ra7 17. Qc4 Be6 18. Nd5 Nxd5 19. exd5 Bf5 20. g4 Bd7 21.
h4 Qb4 22. Rhe1 Be8 23. Re4 Qxc4 24. Rxc4 Rab7 25. Re1 Kf8 26. Ree4 Rb4 27. Kd2
Bd7 28. Rxb4 Rxb4 29. Rxb4 cxb4 30. c3 bxc3+ 31. Kxc3 Kg7 32. Bc2 Kf6 33. Kd4
e6 34. dxe6 fxe6 35. b3 Bc6 36. f4 Bf3 37. g5+ Kg7 38. Be4 Be2 39. Bd3 Bf3 40.
Bb5 h6 41. Bd7 Bd5 42. Kc3 hxg5 43. hxg5 Kf7 44. b4 axb4+ 45. Kxb4 e5 46. fxe5
dxe5 47. Kc5 Bb7 48. Bg4 Ke7 49. a5 e4 50. Kd4 Kd6 51. Bh3 Ke7 52. Bg2 Kf7 53.
Bxe4 Bc8 54. Kd5 Bb7+ 55. Ke5 Ba6 56. Kd6 Be2 57. Bb7 Kg7 58. a6 Bxa6 59. Bxa6
Kf8 60. Ke6 Kg7 61. Ke7 Kg8 62. Kf6 Kh7 63. Kf7 Kh8 64. Kxg6 Kg8 65. Kf6 Kf8
66. g6 Kg8 67. g7 1-0

[Event "DEM U10 2016"]
[Site "Willingen GER"]
[Date "2016.05.15"]
[Round "2"]
[White "Müller, Maximilian"]
[Black "Hagner, Bennet"]
[Result "0-1"]
[Termination "normal"]
[Board "13"]
[WhiteElo "784"]
[BlackElo "1370"]
[PlyCount "76"]
[WhiteFideId "16243552"]
[BlackFideId "16224477"]
[EventCountry "GER"]
[EventRounds "11"]
[EventType "swiss"]
[EventDate "2016.05.14"]

1. e4 e5 2. Bc4 Nf6 3. Nc3 Bb4 4. Nf3 d6 5. d3 Bg4 6. Bg5 Nc6 7. a3 Bxc3+ 8.
bxc3 Na5 9. Bb3 Nxb3 10. cxb3 c6 11. h3 Bh5 12. Qc2 Bxf3 13. gxf3 h6 14. Bxf6
Qxf6 15. Qe2 O-O 16. Kd2 Rad8 17. Rhg1 Qe6 18. Kc2 f5 19. Rg2 fxe4 20. fxe4
Qxh3 21. Rag1 Rf7 22. Rg3 Qh4 23. R1g2 Rdf8 24. Qf1 Kh8 25. Qg1 Rg8 26. Rh2 Qf4
27. Rxh6+ Qxh6 28. Rg2 Rf4 29. Rh2 Rh4 30. Rg2 Rf8 31. Rg6 Qf4 32. Rg2 Qf3 33.
Kd2 Rh3 34. Rg3 Qxf2+ 35. Qxf2 Rxf2+ 36. Ke1 Rxg3 37. Kxf2 Rxd3 38. b4 Rxc3 0-1

[Event "DEM U10 2016"]
[Site "Willingen GER"]
[Date "2016.05.15"]
[Round "2"]
[White "Schubert, Nikita"]
[Black "Rapp, Leonard"]
[Result "1-0"]
[Termination "normal"]
[Board "14"]
[WhiteElo "1652"]
[BlackElo "1504"]
[PlyCount "55"]
[WhiteFideId "16212339"]
[BlackFideId "16212428"]
[EventCountry "GER"]
[EventRounds "11"]
[EventType "swiss"]
[EventDate "2016.05.14"]

1. d4 Nf6 2. Nf3 e6 3. e3 c5 4. c4 b6 5. Nc3 a6 6. Bd3 Bb7 7. O-O Nc6 8. a3 Qc7
9. d5 Ne7 10. e4 exd5 11. exd5 Ng6 12. Re1+ Be7 13. Bxg6 hxg6 14. d6 Qc6 15.
Rxe7+ Kd8 16. Bf4 Rh4 17. Bg5 Rh8 18. Bxf6 gxf6 19. Qd5 Qxd5 20. Nxd5 Bxd5 21.
cxd5 Rf8 22. Rae1 f5 23. Ng5 Rh8 24. Nxf7+ Kc8 25. Nxh8 Kb7 26. Rxd7+ Kc8 27.
Rc7+ Kd8 28. Nf7# 1-0

[Event "DEM U10 2016"]
[Site "Willingen GER"]
[Date "2016.05.15"]
[Round "2"]
[White "Phan Trong, Dai"]
[Black "Richter, Gerrit"]
[Result "1-0"]
[Termination "normal"]
[Board "15"]
[WhiteElo "1376"]
[BlackElo "1561"]
[PlyCount "49"]
[WhiteFideId "16236939"]
[BlackFideId "12990825"]
[EventCountry "GER"]
[EventRounds "11"]
[EventType "swiss"]
[EventDate "2016.05.14"]

1. d4 Nf6 2. c4 g6 3. Nc3 Bg7 4. e4 d6 5. Be3 O-O 6. Nf3 Nc6 7. Be2 e5 8. d5
Ne7 9. O-O Ne8 10. c5 f5 11. cxd6 cxd6 12. Bc4 Nf6 13. Qd3 h6 14. Rac1 g5 15.
Kh1 g4 16. Ng1 Ng6 17. exf5 Nh4 18. Qd2 h5 19. Bh6 Bxf5 20. Bxg7 Be4 21. Nxe4
Nxe4 22. Qe3 Ng5 23. Bxf8 Qf6 24. Bxd6 Qxd6 25. Qxg5+ 1-0

[Event "DEM U10 2016"]
[Site "Willingen GER"]
[Date "2016.05.15"]
[Round "2"]
[White "Hänselmann, Hendrik"]
[Black "Böhm, Karl"]
[Result "1-0"]
[Termination "normal"]
[Board "16"]
[WhiteElo "1000"]
[BlackElo "1260"]
[PlyCount "63"]
[WhiteFideId "16232755"]
[BlackFideId "16209800"]
[EventCountry "GER"]
[EventRounds "11"]
[EventType "swiss"]
[EventDate "2016.05.14"]

1. d4 Nf6 2. Nc3 d5 3. Nf3 Bf5 4. Bf4 e6 5. Nb5 Bd6 6. Nxd6+ cxd6 7. e3 O-O 8.
Bd3 Bxd3 9. Qxd3 Nc6 10. O-O Rc8 11. c3 Re8 12. Qb5 b6 13. Rfe1 Ne4 14. Rad1 e5
15. dxe5 dxe5 16. Rxd5 Nd6 17. Bg5 f6 18. Qd3 e4 19. Qd1 Re6 20. Bf4 exf3 21.
Rxd6 Rxd6 22. Qxd6 Qxd6 23. Bxd6 fxg2 24. Kxg2 Ne5 25. Bxe5 fxe5 26. Rd1 Kf8
27. Rd7 a6 28. Kf3 Re8 29. Ke4 h5 30. Rd5 g5 31. Kf5 Ke7 32. Rxe5+ 1-0

[Event "DEM U10 2016"]
[Site "Willingen GER"]
[Date "2016.05.15"]
[Round "2"]
[White "Amrhein, Dennis"]
[Black "Klonov, Jakov"]
[Result "1-0"]
[Termination "normal"]
[Board "17"]
[WhiteElo "1132"]
[BlackElo "1333"]
[PlyCount "113"]
[WhiteFideId "16254570"]
[BlackFideId "16211928"]
[EventCountry "GER"]
[EventRounds "11"]
[EventType "swiss"]
[EventDate "2016.05.14"]

1. d4 Nf6 2. Nf3 g6 3. Bf4 Bg7 4. e3 d6 5. Be2 Nbd7 6. O-O O-O 7. c4 c5 8. Nc3
cxd4 9. exd4 Nb6 10. h3 Be6 11. b3 Qc8 12. Qc1 Nh5 13. Bh6 d5 14. Bxg7 Kxg7 15.
c5 Nd7 16. Qd1 b6 17. b4 a5 18. a3 Qc6 19. Ng5 Nhf6 20. b5 Qc8 21. Nxe6+ fxe6
22. c6 Nb8 23. Bg4 h5 24. Na4 Qc7 25. Bxe6 Rd8 26. h4 Rd6 27. Bh3 Ne4 28. Re1
Nf6 29. Re3 Rd8 30. Qe2 Re8 31. Re1 Ng8 32. Nc3 Qd8 33. Rc1 Qd6 34. Nxd5 Qxd5
35. c7 Nd7 36. Be6 Qb7 37. Bxd7 Rf8 38. c8=Q Rfxc8 39. Bxc8 Rxc8 40. Rxc8 Qxc8
41. Rd3 Qc1+ 42. Kh2 Qf4+ 43. g3 Qf5 44. d5 Qf6 45. Qd2 Qd6 46. Re3 Qc5 47. Rc3
Qd6 48. Rc6 Qd8 49. d6 exd6 50. Qd4+ Kf8 51. Qxd6+ Qxd6 52. Rxd6 Kg7 53. Rxb6
Nf6 54. Rb7+ Kh6 55. b6 Ne8 56. Re7 Nd6 57. b7 1-0

[Event "DEM U10 2016"]
[Site "Willingen GER"]
[Date "2016.05.15"]
[Round "2"]
[White "May, Ben-Iven"]
[Black "Walter, Alexander"]
[Result "1-0"]
[Termination "normal"]
[Board "18"]
[WhiteElo "1330"]
[BlackElo "1128"]
[PlyCount "109"]
[WhiteFideId "16229673"]
[BlackFideId "16227620"]
[EventCountry "GER"]
[EventRounds "11"]
[EventType "swiss"]
[EventDate "2016.05.14"]

1. e4 e5 2. Nf3 Nc6 3. d4 exd4 4. Nxd4 Nf6 5. Nc3 Bb4 6. Nxc6 bxc6 7. Bd3 O-O
8. O-O Re8 9. Re1 Bb7 10. a3 Ba5 11. b4 Bb6 12. Bg5 d6 13. Na4 Bd4 14. c3 Bb6
15. Nxb6 cxb6 16. Qf3 Kh8 17. Bxf6 Qxf6 18. Qxf6 gxf6 19. Re3 Rg8 20. Rf3 Kg7
21. Rh3 Rae8 22. Rg3+ Kf8 23. Rxg8+ Kxg8 24. f3 c5 25. Rd1 Rd8 26. Bc4 cxb4 27.
cxb4 Kf8 28. Bd5 Bxd5 29. Rxd5 Ke7 30. Rh5 Rh8 31. Kf2 Ke6 32. f4 h6 33. Kf3 a6
34. g3 Ke7 35. Ke3 Ke6 36. Kd4 Rh7 37. Kc4 Rh8 38. a4 Rh7 39. b5 a5 40. f5+ Ke5
41. Kd3 Rh8 42. Ke3 Rh7 43. Rh4 Rh8 44. g4 Rh7 45. Rh5 Rh8 46. h3 Rh7 47. Kd3
Rh8 48. Ke3 Rh7 49. h4 Rg7 50. Kf3 Rh7 51. g5 fxg5 52. hxg5 Rh8 53. Rxh6 Rxh6
54. gxh6 Kf6 55. Ke3 1-0

[Event "DEM U10 2016"]
[Site "Willingen GER"]
[Date "2016.05.15"]
[Round "2"]
[White "Frank, Marian"]
[Black "Schlie, Johann"]
[Result "0-1"]
[Termination "normal"]
[Board "19"]
[WhiteElo "1101"]
[BlackElo "1244"]
[PlyCount "71"]
[WhiteFideId "16245059"]
[BlackFideId "16211596"]
[EventCountry "GER"]
[EventRounds "11"]
[EventType "swiss"]
[EventDate "2016.05.14"]

1. e4 d5 2. exd5 Qxd5 3. Nc3 Qa5 4. d4 Nf6 5. Nf3 Bg4 6. Bc4 Nc6 7. Qd3 e6 8.
a3 O-O-O 9. b4 Bxb4 10. Bb2 Bxc3+ 11. Bxc3 Qh5 12. O-O-O e5 13. Qe3 e4 14. h3
Bxf3 15. gxf3 exf3 16. Rhg1 Rhe8 17. Qf4 Re4 18. Qg3 Rg8 19. Ba2 Re2 20. d5 Ne5
21. Bxe5 Rxe5 22. d6 cxd6 23. Rxd6 Ne4 24. Bxf7 Nxg3 25. Bxh5 Ne2+ 26. Kb2 Nxg1
27. Bf7 Rf8 28. Be6+ Kc7 29. Rd7+ Kc6 30. Rxg7 Rxe6 31. Rxg1 Re2 32. Rg7 Rxf2
33. Rxh7 Rd2 34. Rh6+ Rd6 35. Rh4 f2 36. Rc4+ 0-1

[Event "DEM U10 2016"]
[Site "Willingen GER"]
[Date "2016.05.15"]
[Round "2"]
[White "Lox, Nils Norman"]
[Black "Feng, Felix"]
[Result "1/2-1/2"]
[Termination "normal"]
[Board "20"]
[WhiteElo "1480"]
[BlackElo "1100"]
[PlyCount "41"]
[WhiteFideId "16221389"]
[BlackFideId "16275179"]
[EventCountry "GER"]
[EventRounds "11"]
[EventType "swiss"]
[EventDate "2016.05.14"]

1. d4 d6 2. Bf4 g6 3. Nf3 Bg7 4. e3 e6 5. Bd3 Nc6 6. c3 Nge7 7. O-O a6 8. Bc2
O-O 9. Nbd2 Rb8 10. a4 Bd7 11. Qe2 Re8 12. Qd1 a5 13. h3 b6 14. Nc4 Rf8 15. Nh2
Qc8 16. Ng4 f5 17. Nh2 Qe8 18. Nf3 Ra8 19. Bb3 Kh8 20. Bg3 Qd8 21. Qe2 1/2-1/2

[Event "DEM U10 2016"]
[Site "Willingen GER"]
[Date "2016.05.15"]
[Round "2"]
[White "Müller, Linus"]
[Black "Lehmann, Nils"]
[Result "1-0"]
[Termination "normal"]
[Board "23"]
[WhiteElo "1077"]
[BlackElo "1461"]
[PlyCount "101"]
[WhiteFideId "16245946"]
[BlackFideId "12982610"]
[EventCountry "GER"]
[EventRounds "11"]
[EventType "swiss"]
[EventDate "2016.05.14"]

1. e4 e5 2. Nf3 Nc6 3. Bb5 Bc5 4. c3 Nf6 5. d4 exd4 6. e5 Ng4 7. cxd4 Bb4+ 8.
Nbd2 d6 9. h3 Nh6 10. O-O O-O 11. Nc4 d5 12. Bxh6 gxh6 13. Bxc6 bxc6 14. Na3
Kh8 15. Qc1 Rg8 16. Qxh6 Rg6 17. Qh5 Qg8 18. g3 Be7 19. Kh2 Qg7 20. Nh4 Bg4 21.
Nxg6+ fxg6 22. Qxg4 h5 23. Qd7 h4 24. Qxc7 g5 25. Qxc6 Rg8 26. Qxd5 g4 27. Rg1
Rd8 28. Qc4 Rf8 29. Raf1 Qg5 30. gxh4 Qxh4 31. Rg3 Bg5 32. Qe2 Bf4 33. Qxg4
Bxg3+ 34. Qxg3 Qxd4 35. Nb5 Qc5 36. Qh4+ Kg8 37. Rg1+ Kf7 38. Qf6+ Ke8 39. Nd6+
Kd7 40. e6+ Kxd6 41. Qxf8+ Kd5 42. Qxc5+ Kxc5 43. Re1 a5 44. e7 a4 45. e8=Q a3
46. Qe5+ Kc4 47. Re4+ Kd3 48. Qd4+ Kc2 49. Qc3+ Kb1 50. Re1+ Kxa2 51. Qxa3# 1-0